Conversas com Álvaro Cunhal (Record no. 46031)

MARC details
000 -Etiqueta do registo
Valores 01011nam a2200301 4500
010 ## - Número ISBN
ISBN 9727597335
021 ## - Número do Depósito Legal
Número 210782/04
100 ## - Dados gerais de processamento
Dados gerais 20050510d2004 m y0pory5003 ba
101 0# - Língua de publicação
Língua por
102 ## - País de publicação
País PT
200 1# - Titulo e menção de responsabilidade
Título próprio Conversas com Álvaro Cunhal
Primeira menção de responsabilidade Maria João Avilez
Outras menções de responsabilidade fot. Rui Ochôa
-- rev. Antonio José Massano
Informação de outro título e outras lembranças
205 ## - Menção da edição
Edição 1.ª ed.
210 #9 - Publicação
Local de publicação Lisboa
Nome do editor Temas & Debates,
Data de publicação 2004
215 ## - Descrição física 
Paginação / Volumes 242 p., [8] p. il.
Outras indicações físicas il.
Dimensões 24 cm
600 #1 - Nome de pessoa usado como assunto
Apelido Cunhal,
Nome Álvaro,
Datas 1913-2005
601 02 - Nome de colectividade usado como assunto
Entidade Partido Comunista Portugês
607 ## -
Palavra de ordem Portugal
Subdivisão assunto Política interna
Subdivisão cronológica 1974-2000
Subdivisão assunto [Entrevistas]
675 ## - CDU
Notação 32Cunhal, Álvaro (047.53)
Edição BN
Língua por
675 ## - CDU
Notação 323.2(469)"1974/2000"(047.53)
Edição BN
Língua por
675 ## - CDU
Notação 329(469)"1974/2000"(047.53)
Edição BN
Língua por
700 #1 - Autor principal
Apelido Avilez,
Nome Maria João,
Datas 1945-
702 #1 - Autor secundário
Apelido Ochoa,
Nome Rui,
Datas 1948-
Função 600
702 #1 - Autor secundário
Apelido Massano,
Nome António José
Função 675
702 #1 - Autor secundário
Apelido Cunhal,
Nome Álvaro,
Datas 1913-2005
Função 460
801 ## - Fonte de origem
País PT
Regras de catalogação RPC
990 ## - Elementos KOHA
Tipo de documento Livro
Holdings
Aquisição Empréstimo Código de barras Cota Permissão de empréstimo Tipo de documento
Biblioteca Escolar Doutor Hernâni Cidade Biblioteca Escolar Doutor Hernâni Cidade 82875 82-83 AVI ENTREVISTA   Livro

Powered by Koha